000 00445nam a22001577a 4500
003 OSt
005 20240419124823.0
008 240419b |||||||| |||| 00| 0 eng d
040 _cMRSPTU
100 _aBaljeet Pal Singh (ਬਲਜੀਤ ਪਾਲ ਸਿੰਘ)
245 _aButtan Varge Lok (ਬੁੱਤਾਂ ਵਰਗੇ ਲੋਕ)
250 _a1st
260 _aPunjab
_bLokgeet Publication
_c2011
300 _a102
942 _2ddc
_cBK
_n0
999 _c10115
_d10115